| 000 | 00447cam a22001097a 4500 | ||
|---|---|---|---|
| 008 | 180718b1984 xxu||||| |||| 00| 0 eng d | ||
| 082 | _aT19065x5462 E/1977 | ||
| 245 |
_aEconomic census 1977: report on village amenities in Himachal Pradesh _cby Directorate of Economics and Statistics, Himachal Pradesh |
||
| 260 |
_aSimla _bGovernment of Himachal Pradesh _c1984 |
||
| 300 | _a65+p | ||
| 700 | _aHimachal Pradesh. Directorate of Economics and Statistics | ||
| 999 |
_c497430 _d497430 |
||